000 00296nam a22001337a 4500
008 170830b xxu||||| |||| 00| 0 eng d
020 _a9780130412096
041 _aeng
080 _26TH
_a070
100 _a39
101 _aMED
245 _aREADING AS COMMUNICATION
_cMAY,F.B
942 _2udc
_cBK
999 _c25501
_d25501